<?xml version="1.0" encoding="UTF-8"?>
<record
    xmlns:xsi="http://www.w3.org/2001/XMLSchema-instance"
    xsi:schemaLocation="http://www.loc.gov/MARC21/slim http://www.loc.gov/standards/marcxml/schema/MARC21slim.xsd"
    xmlns="http://www.loc.gov/MARC21/slim">

  <leader>03116nam a2200601Ia 4500</leader>
  <controlfield tag="005">20220317001946.0</controlfield>
  <controlfield tag="007">ta</controlfield>
  <controlfield tag="008">210809s2019    ck     er     000 jdspa d</controlfield>
  <datafield tag="020" ind1=" " ind2=" ">
    <subfield code="a">9789584277978</subfield>
  </datafield>
  <datafield tag="020" ind1=" " ind2=" ">
    <subfield code="a">9584277979</subfield>
  </datafield>
  <datafield tag="040" ind1=" " ind2=" ">
    <subfield code="a">CO-BoRNBP</subfield>
    <subfield code="b">spa</subfield>
    <subfield code="e">rda</subfield>
    <subfield code="c">CO-BoRNBP</subfield>
  </datafield>
  <datafield tag="041" ind1="0" ind2=" ">
    <subfield code="a">spa</subfield>
  </datafield>
  <datafield tag="043" ind1=" " ind2=" ">
    <subfield code="a">s-ck---</subfield>
  </datafield>
  <datafield tag="084" ind1=" " ind2=" ">
    <subfield code="a">C CUE196</subfield>
  </datafield>
  <datafield tag="245" ind1="0" ind2="0">
    <subfield code="a">Cuerpos</subfield>
    <subfield code="b">veinte formas de habitar el mundo</subfield>
    <subfield code="c">Juliana &#xC1;ngel Osorno [y otras diez y nueve]</subfield>
  </datafield>
  <datafield tag="250" ind1=" " ind2=" ">
    <subfield code="a">Primera edici&#xF3;n</subfield>
  </datafield>
  <datafield tag="264" ind1=" " ind2="1">
    <subfield code="a">Bogot&#xE1;</subfield>
    <subfield code="b">Editorial Planeta Colombiana</subfield>
    <subfield code="b">Seix Barral</subfield>
    <subfield code="c">2019</subfield>
  </datafield>
  <datafield tag="300" ind1=" " ind2=" ">
    <subfield code="a">279 p&#xE1;ginas</subfield>
    <subfield code="c">24 cm</subfield>
  </datafield>
  <datafield tag="336" ind1=" " ind2=" ">
    <subfield code="2">rdacontent</subfield>
    <subfield code="a">texto</subfield>
    <subfield code="b">txt</subfield>
  </datafield>
  <datafield tag="337" ind1=" " ind2=" ">
    <subfield code="2">rdamedia</subfield>
    <subfield code="a">sin mediaci&#xF3;n</subfield>
    <subfield code="b">n</subfield>
  </datafield>
  <datafield tag="338" ind1=" " ind2=" ">
    <subfield code="2">rdacarrier</subfield>
    <subfield code="a">volumen</subfield>
    <subfield code="b">nc</subfield>
  </datafield>
  <datafield tag="490" ind1="0" ind2=" ">
    <subfield code="a">Biblioteca breve</subfield>
  </datafield>
  <datafield tag="505" ind1="1" ind2=" ">
    <subfield code="t">Dejar caer</subfield>
    <subfield code="r">Juliana Restrepo</subfield>
    <subfield code="t">Tierra h&#xFA;meda</subfield>
    <subfield code="r">Alejandra Oma&#xF1;a (Amaranta Hank)</subfield>
    <subfield code="t">El cuerpo de la nutria</subfield>
    <subfield code="r">F&#xE1;tima V&#xE9;lez</subfield>
    <subfield code="t">Retorno</subfield>
    <subfield code="r">Andrea Mej&#xED;a </subfield>
    <subfield code="t">Pink Lady</subfield>
    <subfield code="r"> Lina Tono</subfield>
    <subfield code="t">Par&#xE9;ntesis</subfield>
    <subfield code="r">M&#xF3;nica Gil Restrepo</subfield>
    <subfield code="t">Piel de oso</subfield>
    <subfield code="r">Juliana Mu&#xF1;oz Toro</subfield>
    <subfield code="t">El deseo es una cicatriz</subfield>
    <subfield code="r">Mar&#xED;a del Mar Ram&#xF3;n</subfield>
    <subfield code="t">Dosis impar</subfield>
    <subfield code="r">Mar&#xED;a Ospina</subfield>
    <subfield code="t">Siempre mujer, siempre perfecta</subfield>
    <subfield code="r">Melba Escobar de Nogales</subfield>
    <subfield code="t">Cununo</subfield>
    <subfield code="r">Dayana Zapata Fl&#xF3;rez</subfield>
    <subfield code="t">La llegada de Miss Piggy Vaquera</subfield>
    <subfield code="r">Andrea Salgado</subfield>
    <subfield code="t">La lista de tus &#xF3;rganos</subfield>
    <subfield code="r">Lina Mar&#xED;a Parra Ochoa</subfield>
    <subfield code="t"> Romina</subfield>
    <subfield code="r">Isabel Botero</subfield>
    <subfield code="t">Placeres necesarios</subfield>
    <subfield code="r">Mari&#xE1;ngela Urbina Castilla</subfield>
    <subfield code="t">Pan de vida</subfield>
    <subfield code="r">Adelaida Fern&#xE1;ndez Ochoa</subfield>
    <subfield code="t">El pen&#xFA;ltimo cuerpo </subfield>
    <subfield code="r">Paola Guevara</subfield>
    <subfield code="t">Me pon&#xE9;s nervioso, Leti</subfield>
    <subfield code="r">Tatiana Andrade Mej&#xED;a</subfield>
    <subfield code="t">Interiores</subfield>
    <subfield code="r">Valentina Calvache</subfield>
  </datafield>
  <datafield tag="521" ind1=" " ind2=" ">
    <subfield code="a">Recomendado para p&#xFA;blico adulto</subfield>
  </datafield>
  <datafield tag="545" ind1=" " ind2=" ">
    <subfield code="a">Incluye datos biogr&#xE1;ficos de las autoras al final de cada cuento</subfield>
  </datafield>
  <datafield tag="650" ind1="1" ind2="7">
    <subfield code="a">Autores colombianos</subfield>
    <subfield code="y">Siglo XX</subfield>
    <subfield code="2">LEMB</subfield>
  </datafield>
  <datafield tag="650" ind1="1" ind2="7">
    <subfield code="a">Cuentos colombianos</subfield>
    <subfield code="x">Colecciones</subfield>
    <subfield code="y">Siglo XX</subfield>
    <subfield code="2">LEMB</subfield>
  </datafield>
  <datafield tag="650" ind1="1" ind2="7">
    <subfield code="a">Literatura colombiana</subfield>
    <subfield code="y">Siglo XX</subfield>
    <subfield code="2">LEMB</subfield>
  </datafield>
  <datafield tag="650" ind1="1" ind2="7">
    <subfield code="a">Cuerpo humano</subfield>
    <subfield code="v">Cuentos</subfield>
    <subfield code="2">LEMB</subfield>
  </datafield>
  <datafield tag="650" ind1="1" ind2="7">
    <subfield code="a">Maternidad</subfield>
    <subfield code="v">Cuentos</subfield>
    <subfield code="2">LEMB</subfield>
  </datafield>
  <datafield tag="650" ind1="1" ind2="7">
    <subfield code="a">Mujeres</subfield>
    <subfield code="v">Cuentos</subfield>
    <subfield code="2">LEMB</subfield>
  </datafield>
  <datafield tag="700" ind1="1" ind2=" ">
    <subfield code="a">&#xC1;ngel Osorno, Juliana</subfield>
    <subfield code="d">1989-</subfield>
    <subfield code="e">autora</subfield>
    <subfield code="9">179189</subfield>
  </datafield>
  <datafield tag="700" ind1="1" ind2=" ">
    <subfield code="a">Retrepo, Juliana</subfield>
    <subfield code="d">1982- </subfield>
    <subfield code="e">autora</subfield>
    <subfield code="9">179190</subfield>
  </datafield>
  <datafield tag="700" ind1="1" ind2=" ">
    <subfield code="a">Oma&#xF1;a, Alejandra</subfield>
    <subfield code="d">1992-</subfield>
    <subfield code="e">autora</subfield>
    <subfield code="9">179191</subfield>
  </datafield>
  <datafield tag="700" ind1="1" ind2=" ">
    <subfield code="a">V&#xE9;lez, F&#xE1;tima</subfield>
    <subfield code="d">1985-</subfield>
    <subfield code="e">autora</subfield>
    <subfield code="9">179192</subfield>
  </datafield>
  <datafield tag="700" ind1="1" ind2=" ">
    <subfield code="a">Mej&#xED;a, Andrea</subfield>
    <subfield code="d">1978-</subfield>
    <subfield code="e">autora</subfield>
    <subfield code="9">179193</subfield>
  </datafield>
  <datafield tag="700" ind1="1" ind2=" ">
    <subfield code="a">Toro, Lina</subfield>
    <subfield code="d">1984-</subfield>
    <subfield code="e">autora</subfield>
    <subfield code="9">179194</subfield>
  </datafield>
  <datafield tag="700" ind1="1" ind2=" ">
    <subfield code="a">Gil Restrepo, M&#xF3;nica</subfield>
    <subfield code="d">1975-</subfield>
    <subfield code="e">autora</subfield>
    <subfield code="9">114358</subfield>
  </datafield>
  <datafield tag="700" ind1="1" ind2=" ">
    <subfield code="a">Mu&#xF1;oz Toro, Juliana</subfield>
    <subfield code="d">1988-</subfield>
    <subfield code="e">autora</subfield>
    <subfield code="9">179195</subfield>
  </datafield>
  <datafield tag="700" ind1="1" ind2=" ">
    <subfield code="a">Ram&#xF3;n, Mar&#xED;a del Mar</subfield>
    <subfield code="d">1992-</subfield>
    <subfield code="e">autora</subfield>
    <subfield code="9">179196</subfield>
  </datafield>
  <datafield tag="700" ind1="1" ind2=" ">
    <subfield code="a">Ospina,Mar&#xED;a</subfield>
    <subfield code="d">1977-</subfield>
    <subfield code="e">autora</subfield>
    <subfield code="9">179197</subfield>
  </datafield>
  <datafield tag="700" ind1="1" ind2=" ">
    <subfield code="a">Escobar de Nogales, Melba</subfield>
    <subfield code="d">1976-</subfield>
    <subfield code="e">autora</subfield>
    <subfield code="9">110433</subfield>
  </datafield>
  <datafield tag="700" ind1="1" ind2=" ">
    <subfield code="a">Zapata Fl&#xF3;rez, Dayana</subfield>
    <subfield code="d">1990-</subfield>
    <subfield code="e">autora</subfield>
    <subfield code="9">179198</subfield>
  </datafield>
  <datafield tag="700" ind1="1" ind2=" ">
    <subfield code="a">Salgado, Andrea</subfield>
    <subfield code="d">1977-</subfield>
    <subfield code="e">autora</subfield>
    <subfield code="9">179199</subfield>
  </datafield>
  <datafield tag="700" ind1="1" ind2=" ">
    <subfield code="a">Parra Ochoa, Lina Mar&#xED;a</subfield>
    <subfield code="d">1986-</subfield>
    <subfield code="e">autora</subfield>
    <subfield code="9">179200</subfield>
  </datafield>
  <datafield tag="700" ind1="1" ind2=" ">
    <subfield code="a">Botero, Isabel</subfield>
    <subfield code="d">1976-</subfield>
    <subfield code="e">autora</subfield>
    <subfield code="9">179201</subfield>
  </datafield>
  <datafield tag="700" ind1="1" ind2=" ">
    <subfield code="a">Urbina Castilla, Mari&#xE1;ngela</subfield>
    <subfield code="d">1993-</subfield>
    <subfield code="e">autora</subfield>
    <subfield code="9">179202</subfield>
  </datafield>
  <datafield tag="700" ind1="1" ind2=" ">
    <subfield code="a">Fern&#xE1;ndez Ochoa,Adelaida</subfield>
    <subfield code="d">1957-</subfield>
    <subfield code="e">autora</subfield>
    <subfield code="9">114658</subfield>
  </datafield>
  <datafield tag="700" ind1="1" ind2=" ">
    <subfield code="a">Guevara, Paola</subfield>
    <subfield code="d">1977-</subfield>
    <subfield code="e">autora</subfield>
    <subfield code="9">179203</subfield>
  </datafield>
  <datafield tag="700" ind1="1" ind2=" ">
    <subfield code="a">Andrade Mej&#xED;a, Tatiana</subfield>
    <subfield code="d">1977-</subfield>
    <subfield code="e">autora</subfield>
    <subfield code="9">179204</subfield>
  </datafield>
  <datafield tag="700" ind1="1" ind2=" ">
    <subfield code="a">Calvache, Valentina</subfield>
    <subfield code="d">1991- </subfield>
    <subfield code="e">autora</subfield>
    <subfield code="9">179205</subfield>
  </datafield>
  <datafield tag="942" ind1=" " ind2=" ">
    <subfield code="2">loc</subfield>
    <subfield code="c">BKLIT</subfield>
  </datafield>
  <datafield tag="999" ind1=" " ind2=" ">
    <subfield code="c">8698</subfield>
    <subfield code="d">8698</subfield>
  </datafield>
</record>
